Chordate Zoology / (Record no. 5106)
[ view plain ]
| 000 -LEADER | |
|---|---|
| fixed length control field | 00837nam a2200337Ia 4500 |
| 001 - CONTROL NUMBER | |
| control field | 5119 |
| 005 - DATE AND TIME OF LATEST TRANSACTION | |
| control field | 20240113233817.0 |
| 007 - PHYSICAL DESCRIPTION FIXED FIELD--GENERAL INFORMATION | |
| fixed length control field | ta |
| 008 - FIXED-LENGTH DATA ELEMENTS--GENERAL INFORMATION | |
| fixed length control field | 050617s1997 a g b000 u eng u |
| 020 ## - INTERNATIONAL STANDARD BOOK NUMBER | |
| International Standard Book Number | 81-219-1639--9 |
| 040 ## - CATALOGING SOURCE | |
| Original cataloging agency | Cotton College,Assam |
| 041 ## - LANGUAGE CODE | |
| Language code of text/sound track or separate title | eng |
| 082 ## - DEWEY DECIMAL CLASSIFICATION NUMBER | |
| Classification number | 596 |
| Item number | Jo 75 Ch |
| 100 ## - MAIN ENTRY--PERSONAL NAME | |
| Personal name | Jordan, E.L.. |
| 245 #0 - TITLE STATEMENT | |
| Title | Chordate Zoology / |
| Statement of responsibility, etc. | E.L. Jordan, P.S. Verma. |
| Medium | Textual Documents |
| 250 ## - EDITION STATEMENT | |
| Edition statement | 11th ed. / |
| 260 ## - PUBLICATION, DISTRIBUTION, ETC. | |
| Place of publication, distribution, etc. | New Delhi : |
| Name of publisher, distributor, etc. | S Chand & Co , |
| Date of publication, distribution, etc. | 1997. |
| 300 ## - PHYSICAL DESCRIPTION | |
| Extent | xii, 1092p. : |
| Other physical details | ill. ; |
| Dimensions | 22cm . |
| 504 ## - BIBLIOGRAPHY, ETC. NOTE | |
| Bibliography, etc. note | Index |
| 653 ## - INDEX TERM--UNCONTROLLED | |
| Uncontrolled term | Zoology-Chordate |
| 653 ## - INDEX TERM--UNCONTROLLED | |
| Uncontrolled term | Chordate |
| 653 ## - INDEX TERM--UNCONTROLLED | |
| Uncontrolled term | PG-Zoology |
| 653 ## - INDEX TERM--UNCONTROLLED | |
| Uncontrolled term | G-Zoology |
| 700 ## - ADDED ENTRY--PERSONAL NAME | |
| Personal name | Verma, P.S. . |
| 942 ## - ADDED ENTRY ELEMENTS (KOHA) | |
| Source of classification or shelving scheme | Dewey Decimal Classification |
| Koha item type | Books |
| Withdrawn status | Lost status | Source of classification or shelving scheme | Damaged status | Not for loan | Collection | Home library | Current library | Date acquired | Coded location qualifier | Total checkouts | Full call number | Barcode | Date last seen | Copy number | Price effective from | Koha item type | Date last checked out |
|---|---|---|---|---|---|---|---|---|---|---|---|---|---|---|---|---|---|
| Dewey Decimal Classification | Dr. Suryya Kumar Bhuyan Library | Dr. Suryya Kumar Bhuyan Library | 01/02/2012 | 00000 | 596 Jo 75 Ch | 90629 | 13/01/2024 | 3 | 01/02/2012 | Books | |||||||
| Dewey Decimal Classification | Dr. Suryya Kumar Bhuyan Library | Dr. Suryya Kumar Bhuyan Library | 01/02/2012 | 00000 | 1 | 596 Jo 75 Ch | 2265/EL | 30/03/2026 | 2 | 01/02/2012 | Books | 16/03/2026 | |||||
| Dewey Decimal Classification | Dr. Suryya Kumar Bhuyan Library | Dr. Suryya Kumar Bhuyan Library | 01/02/2012 | 00000 | 596 Jo 75 Ch | 470/Zoo | 13/01/2024 | 1 | 01/02/2012 | Books | |||||||
| Dewey Decimal Classification | Dr. Suryya Kumar Bhuyan Library | Dr. Suryya Kumar Bhuyan Library | 01/02/2012 | 00000 | 596 Jo 75 Ch | 892/Zoo | 13/01/2024 | 4 | 01/02/2012 | Books |
